00557nam a2200181Ia 450000500170000000800410001702000150005808200130007310000150008624500500010126000630015130000140021465000180022865000130024694200060025995200950026599900150036020240815024751.0240331s9999 xx 000 0 und d a915541253X bWala410 aWallden, R 0aStudies in dravidian phonology and vocabulary aStockholm/SwedenbAlmqvist & wiksell Internationalc1982 a156 p .,  aPronunciation aIndology cL 001040708LaWERCLbWERCLcSSCd2024-03-31l0o 410 Walp3253r2024-03-31w2024-03-31yL c3007d3007